| 000 | 00419nam a22001697a 4500 | ||
|---|---|---|---|
| 005 | 20160527112945.0 | ||
| 008 | 160527b xxu||||| |||| 00| 0 eng d | ||
| 020 | _a81-7808-663-8 | ||
| 041 | _aeng | ||
| 082 | _b5464 | ||
| 100 |
_aManning, Gerath L & Reeca, Barry L. _91364 |
||
| 245 | _aSelling today | ||
| 260 |
_aNew Delhi _bAcademic Faundation _c2002 |
||
| 300 | _a472 | ||
| 650 |
_aManagement _9241 |
||
| 942 | _cBK | ||
| 999 |
_c1940 _d1939 |
||